| 000 | 01013nam a22002897a 4500 | ||
|---|---|---|---|
| 001 | 7507 | ||
| 003 | FISKH | ||
| 005 | 20250722141306.0 | ||
| 008 | 250722b cb ||||| |||| 00| 0 eng d | ||
| 020 | _a9780395943076 | ||
| 040 |
_aFISKH _beng _cFISKH _dFISKH |
||
| 050 | _aPZ8.P212 B | ||
| 082 | _a398.2327295 | ||
| 100 | _aPalazzo-Craig, Janet | ||
| 245 |
_aBobo's magic wishes : _bA story from Puerto Rico / _cRetold by Janet Palazzo-Craig : Illustrated by Charles Reasoner |
||
| 250 | _aHoughton Mifflin Edition, 1999. | ||
| 260 |
_aBoston : _bHoughton Mifflin , _c1996. |
||
| 300 |
_a32 pages : _bcolor illustrations ; _c20 cm . |
||
| 505 | _aG | ||
| 520 | _aA man is offered seven wishes by a magical horse, which he inadvertently uses to gain the favor of a sad princess. | ||
| 521 | 8 |
_a380
_bLexile estimate |
|
| 521 | 8 |
_aG
_bRaz-Plus |
|
| 650 |
_aBerenstain Bears _vJuvenile Literature |
||
| 700 |
_aReasoner, Charles _eIllustrator |
||
| 942 |
_2ddc _cBK _n0 |
||
| 999 |
_c7507 _d7507 |
||